Lexikon teorie literatury a kultury /

Gespeichert in:
Bibliographische Detailangaben
Weitere Verfasser: Urválek, Aleš (Übersetzung), Adamová, Zuzana (Übersetzung)
Format: Buch
Sprache:Tschechisch
Veröffentlicht: Brno : Host, 2006
Tags: Tag hinzufügen
Keine Tags, Fügen Sie das erste Tag hinzu!

MARC

LEADER 00000nam a22000003a 4500
001 stu178040
005 20150617230042.9
008 090119s2006------------------------cze-d
020 |a 80-7294-170-4 
040 |a STU  |b slo 
041 0 |a cze 
100 1 |a Urválek, Aleš  |4 trl 
245 1 |a Lexikon teorie literatury a kultury /  |c Ed. Ansgar Nünning 
260 |a Brno :  |b Host,  |c 2006 
300 |a 910 s 
700 1 |a Adamová, Zuzana  |4 trl 
996 |b 284AU04213  |c A*6235 U  |l AAKNAR  |s A  |a 24  |w stu178040_0001